000 00543nam a2200145Ia 4500
008 230917s9999||||xx |||||||||||||| ||und||
040 _e80841
_aMAIN
041 _aEnglish
082 _a346.0323 R812R
100 _aRoyal Commision on Civil Liablilty and Compensation for Personal Injury
245 0 _aRoyal commission on civil liability and compensation for personal injury, v1: Report, v2:Statistics and costings, v3:Overseas systems of compensation
260 _aLondon
_bHer Majesty's Stationery
300 _axvi, 545 p.
942 _cBK
999 _c223336
_d223336